000 00627nam a2200241Ia 4500
003 OSt
005 20221007064832.0
006 a|||||r|||| 00| 0
007 ta
008 221006b |||||||| |||| 00| 0 eng d
024 _a7,347
037 _cTextual
040 _aFLL
_cFLL
_beng
041 _2eng
_aeng
082 _aZ2k, 152K5;L0
110 _aMinistry of law (India)
245 0 _aLegal glossary
260 _aDelhi
_bOffcial language commission India
_c1970
300 _a405p
_ccm.
700 _aMinistry of law (India)
942 _hZ2k, 152K5;L0
_cTEXL
_2CC
999 _c1135504
_d1135504